000
00331nam a2200133 4500
008
190205b xxu||||| |||| 00| 0 eng d
020
_a
9780821415900
041
_a
eng
080
_a
821
100
_a
21
101
_a
GJL
245
_a
An American Vein critical readings in appalachian literature
_c
Miller,D.L
942
_2
ddc
_c
BK
999
_c
54064
_d
54064